Normal view
MARC view
Entry Topical Term
001 - CONTROL NUMBER
- control field: 50753
003 - CONTROL NUMBER IDENTIFIER
- control field: ARRUPE
005 - DATE AND TIME OF LATEST TRANSACTION
- control field: 20211027121519.0
008 - FIXED-LENGTH DATA ELEMENTS
- fixed length control field: 211027|| aca||aabn | a|a d
040 ## - CATALOGING SOURCE
- Original cataloging agency: ARRUPE
- Transcribing agency: ARRUPE
150 ## - HEADING--TOPICAL TERM
- Topical term or geographic name as entry element: Implicit learning
670 ## - SOURCE DATA FOUND
- Source citation: Work cat.: (ARRUPE): Reber, Authur S. 50751, Implicit learning and knowledge , c1193